| 000 | 00501nam a22001817a 4500 | ||
|---|---|---|---|
| 005 | 20251108172257.0 | ||
| 008 | 250721s1985 xx 000 0 ara d | ||
| 082 | 1 | 4 | _a612/خال |
| 100 | 1 | _aكنجو، خالص جلبي | |
| 245 | 1 | 0 | _aالطب محراب الإيمان / |
| 250 | _aط6 | ||
| 264 | 1 |
_aبيروت : _bمؤسسة الرسالة للنشر، _c1985. |
|
| 300 | _aج | ||
| 650 | 1 | 7 | _aجسم الإنسان |
| 650 | 1 | 7 | _aعلم التشريح |
| 942 |
_2ddc _cBK |
||
| 999 |
_c74936 _d74936 |
||